[Event "Tournoi n27319"]
[Site "www.echecsemail.com"]
[Date "2026.01.14"]
[Round "1"]
[White "Mandrak"]
[Black "Lancien57"]
[WhiteElo "1580"]
[BlackElo "1480"]
[Result "1-0"]
1.d4 d5
2.g3 Ng8f6
3.Bf1g2 e6
4.b3 Nb8c6
5.e3 Bf8e7
6.Bc1b2 Bc8d7
7.Ng1e2 a6
8.Qd1d3 h6
9.c3 e5
10.Nb1a3 e4
11.Qd3c2 O-O
12.c4 Bd7g4
13.h3 Bg4xe2
14.Qc2xe2 Be7d6
15.c5 Bd6e7
16.Na3c2 b6
17.b4 bxc5
18.dxc5 Qd8c8
19.a3 Nc6e5
20.Bb2xe5 c6
21.Nc2d4 a5
22.O-O axb4
23.axb4 Nf6d7
24.Nd4f5 Qc8d8
25.Ra1xa8 Qd8xa8
26.Nf5xe7 Kh8
27.f4 Nd7xe5
28.fxe5 Qa8a7
29.Ne7xc6 Qa7b7
30.b5 Rf8e8
31.Qe2b2 Kh7
32.g4 g6
33.Rf1f6 Kg7
34.h4 g5
35.h5 Qb7d7
36.Bg2h3 Re8e6
37.Rf6xe6 fxe6
38.Bh3f1 Kf7
39.Qb2f2 Kg7
40.Qf2f6 Kh7
41.Qf6g6 Kh8
42.Qg6xh6 Kg8
43.Qh6xg5 Kf8
44.Qg5d8 Qd7xd8
45.Nc6xd8 Ke7
46.Nd8b7 Kd7
47.h6 Kc7
48.Nb7d6 Kd7
49.h7 Kc7
50.h8Q Kd7
51.g5 Kc7
52.Qh8c8 1-0

[Event "Défi"]
[Site "www.echecsemail.com"]
[Date "2026.01.14"]
[Round "1"]
[White "Cocola34"]
[Black "Gaspard83"]
[WhiteElo "1650"]
[BlackElo "1630"]
[Result "0-1"]
1.e4 e6
2.h4 d5
3.f3 c5
4.c3 Nb8c6
5.a3 d4
6.c4 Ng8f6
7.d3 Qd8a5
8.Bc1d2 Nc6b4
9.Bd2xb4 cxb4
10.Nb1d2 Bc8d7
11.g4 bxa3
12.Ra1xa3 Bf8xa3
13.bxa3 O-O
14.h5 Qa5xa3
15.Kf2 Qa3d6
16.Bf1g2 Qd6f4
17.Kf1 Nf6xg4
18.Qd1e2 Ng4e3
19.Ke1 Bd7a4
20.Nd2f1 Ne3xg2
21.Qe2xg2 Qf4c1
22.Kf2 Qc1c2
23.Ng1e2 Qc2xd3
24.h6 g6
25.Rh1h3 Qd3xc4
26.Kg1 Ba4d1
27.Ne2f4 d3
28.Nf1d2 Qc4c1
29.Kh2 Qc1c7
30.Qg2g3 Qc7c2
31.Qg3e1 a5
32.Nf4g2 a4
33.Ng2e3 Qc2c7
34.Rh3g3 Bd1e2
35.Qe1a1 e5
36.Ne3d5 Qc7d6
37.Nd2c4 Qd6c5
38.Nd5f6 Kh8
39.Nf6d7 Qc5f2
40.Kh3 Be2f1
41.Kg4 f5
42.exf5 gxf5
43.Kh4 Qf2h2
44.Kg5 Qh2xg3
45.Kh5 Qg3xf3
{ abandon }0-1

[Event "Défi( 10J+24H/c 10J Max )"]
[Site "www.echecsemail.com"]
[Date "2026.01.14"]
[Round "1"]
[White "Snarf"]
[Black "Tunnellavage"]
[WhiteElo "1730"]
[BlackElo "1800"]
[Result "1-0"]
1.e4 e5
2.Ng1f3 Nb8c6
3.a3 a5
4.Bf1b5 Ng8f6
5.d3 d6
6.Bc1g5 Bf8e7
7.Nb1d2 O-O
8.Qd1e2 h6
9.Bg5h4 Bc8d7
10.h3 Rf8e8
11.O-O-O Kh7
12.g4 Nc6d4
13.Nf3xd4 exd4
14.Bb5c4 b5
15.Bc4a2 Re8f8
16.f4 b4
17.Nd2c4 Bd7e6
18.g5 Nf6d7
19.Rd1g1 bxa3
20.bxa3 Nd7c5
21.Qe2h5 Rf8g8
22.f5 Be6xc4
23.Ba2xc4 Qd8f8
24.Bc4xf7 { abandon }1-0

[Event "Tetraktus 103"]
[Site "www.echecsemail.com"]
[Date "2026.01.14"]
[Round "1"]
[White "Orosco"]
[Black "Bertelsen"]
[WhiteElo "2200"]
[BlackElo "1730"]
[Result "1-0"]
1.e4 c5
2.Ng1f3 Nb8c6
3.d4 cxd4
4.Nf3xd4 d6
5.c4 e6
6.Nb1c3 Bf8e7
7.Bc1e3 Ng8f6
8.Bf1e2 h6
9.O-O e5
10.Nd4f5 Bc8xf5
11.exf5 O-O
12.a3 Kh7
13.Qd1c2 e4
14.Nc3xe4 Qd8c7
15.f4 Rf8e8
16.Ne4c3 Be7f8
17.Be3f2 Ra8d8
18.Nc3d5 Qc7b8
19.Nd5xf6 gxf6
20.Be2f3 a6
21.Bf2b6 Rd8d7
22.Rf1e1 Re8xe1
23.Ra1xe1 Rd7e7
24.Bf3e4 Nc6a7
25.Qc2d1 Na7c8
26.Bb6d8 Re7e8
27.Bd8xf6 Qb8c7
28.b3 Qc7c5
29.Bf6d4 Qc5xa3
30.Qd1h5 Re8e7
31.f6 { abandon }1-0

[Event "Coupe Niveau 2"]
[Site "www.echecsemail.com"]
[Date "2026.01.14"]
[Round "1"]
[White "Woluwe1975"]
[Black "Jlr"]
[WhiteElo "1650"]
[BlackElo "1370"]
[Result "1-0"]
1.e4 e5
2.Ng1f3 Qd8f6
3.d3 Bf8b4
4.c3 Bb4c5
5.d4 exd4
6.cxd4 Bc5b4
7.Nb1c3 Qf6b6
8.Bf1c4 Bb4xc3
9.bxc3 Nb8c6
10.O-O Ng8f6
11.e5 Nf6e4
12.Qd1b3 Qb6xb3
13.axb3 Ne4xc3
14.Bc1b2 Nc3e4
15.Rf1e1 O-O
16.Re1xe4 Nc6b4
17.Re4h4 Nb4c2
18.Ra1c1 Nc2b4
19.Bb2a3 a5
20.g4 b6
21.g5 Nb4a2
22.Rc1c2 Na2b4
23.Rc2d2 Bc8b7
24.d5 c6
25.dxc6 Bb7xc6
26.Nf3d4 b5
27.Bc4e2 Bc6d5
28.Be2f3 Bd5xf3
29.Nd4xf3 Rf8c8
30.Rd2xd7 Nb4c6
31.Ba3d6 h6
32.gxh6 g6
33.Nf3g5 Rc8e8
34.Rd7xf7 Nc6xe5
35.Rf7g7 Kh8
36.Bd6xe5 Re8xe5
37.Ng5f7 1-0

[Event "Tournoi n27097"]
[Site "www.echecsemail.com"]
[Date "2026.01.14"]
[Round "1"]
[White "Fauconnier"]
[Black "Zanatany"]
[WhiteElo "2330"]
[BlackElo "2220"]
[Result "1-0"]
1.d4 d5
2.Ng1f3 Ng8f6
3.Bc1f4 Bc8f5
4.e3 e6
5.Bf1d3 Bf5g4
6.Nb1d2 Bf8d6
7.h3 Bg4h5
8.c3 Nb8d7
9.Bf4xd6 cxd6
10.O-O O-O
11.Qd1b3 Bh5xf3
12.Nd2xf3 Nd7b6
13.Rf1c1 Qd8c7
14.Nf3d2 Ra8c8
15.Qb3a3 Nb6c4
16.Bd3xc4 dxc4
17.b3 cxb3
18.axb3 a6
19.c4 Qc7d7
20.b4 e5
21.dxe5 dxe5
22.Qa3b2 Rf8e8
23.c5 Qd7e6
24.Nd2c4 Rc8c7
25.Rc1c2 Kf8
26.Ra1d1 Rc7e7
27.Rd1d6 Qe6f5
28.Rd6b6 Qf5d7
29.b5 axb5
30.Nc4d6 Re8b8
31.Rc2d2 Qd7c7
32.Qb2xb5 Re7e6
33.Qb5b4 Nf6e8
34.Nd6xb7 Qc7e7
35.Rd2d6 Re6g6
36.Rd6xg6 fxg6
37.f3 e4
38.fxe4 g5
39.Nb7d6 Rb8xb6
40.Qb4xb6 Qe7e5
41.Qb6b8 { abandon }1-0

[Event "Coupe Niveau 6"]
[Site "www.echecsemail.com"]
[Date "2026.01.14"]
[Round "1"]
[White "Carrighir"]
[Black "Bournivergne"]
[WhiteElo "2110"]
[BlackElo "2300"]
[Result "0-1"]
1.e4 c5
2.Ng1f3 Nb8c6
3.d4 cxd4
4.Nf3xd4 Ng8f6
5.Nb1c3 e5
6.Nd4f3 Bf8b4
7.Bf1d3 d5
8.Bc1d2 Bb4xc3
9.Bd2xc3 dxe4
{ abandon }0-1

[Event "Défi"]
[Site "www.echecsemail.com"]
[Date "2026.01.14"]
[Round "1"]
[White "Vvvv"]
[Black "Pj612"]
[WhiteElo "1660"]
[BlackElo "1740"]
[Result "1/2-1/2"]
1.e4 e5
2.Ng1f3 d6
3.d4 Qd8e7
4.dxe5 dxe5
5.Nb1c3 h6
6.a3 c6
7.Bc1e3 Bc8g4
8.Bf1e2 Bg4xf3
9.Be2xf3 Ng8f6
10.Nc3a4 b5
11.Be3c5 Qe7c7
12.Bc5xf8 Kxf8
13.Na4c5 Nb8d7
14.Nc5xd7 Nf6xd7
15.O-O Nd7f6
16.Qd1d2 Ra8d8
17.Qd2b4 Kg8
18.Ra1d1 Kh7
19.Rf1e1 a5
20.Qb4c5 g6
21.Re1e3 Kg7
22.Re3d3 Rd8xd3
23.cxd3 Nf6d7
24.Qc5c2 Rh8d8
25.Kf1 c5
26.Ke2 Qc7b6
27.Rd1c1 Rd8c8
28.Bf3g4 Rc8c7
29.Qc2c3 b4
30.axb4 axb4
31.Qc3c4 Qb6d6
32.Bg4xd7 Qd6xd7
33.h3 g5
34.g4 Kg6
35.f3 h5
36.Rc1a1 Rc7a7
37.Ra1a6 Ra7xa6
38.Qc4xa6 Qd7e6
39.Qa6xe6 fxe6
40.Ke3 h4
41.Kd2 Kf7
42.Ke3 Ke7
43.Kd2 Kd6
44.b3 Kc6
45.Kc2 Kd6
46.Kd2 Kc6
47.Kc2 Kd6
48.Kd2 Kc6
1/2-1/2

[Event "Tournoi n27377"]
[Site "www.echecsemail.com"]
[Date "2026.01.14"]
[Round "1"]
[White "Wenoketo"]
[Black "Patbe"]
[WhiteElo "1640"]
[BlackElo "1570"]
[Result "1-0"]
1.d4 c5
2.Ng1f3 c4
3.Nb1d2 d5
4.c3 Bc8g4
5.e3 Nb8c6
6.Bf1e2 Bg4xf3
7.Nd2xf3 Ng8f6
8.O-O Nf6e4
9.Nf3d2 Ne4xd2
10.Bc1xd2 e5
11.dxe5 Nc6xe5
12.a3 Bf8d6
13.Bd2c1 Qd8a5
14.Bc1d2 O-O
15.Qd1c2 f5
16.Rf1d1 b5
17.Rd1b1 Qa5c7
18.Rb1d1 Ne5g6
19.Be2h5 Ng6h4
20.g3 Nh4g6
21.Bh5xg6 hxg6
22.Bd2e1 Ra8e8
23.Rd1xd5 Re8e6
24.Ra1d1 Rf8e8
25.Qc2d2 Re6e4
26.Rd5xd6 Re8d8
27.Rd6xd8 Kh7
28.Qd2d7 Qc7xd7
29.Rd1xd7 { abandon }1-0

[Event "Noël 2025 n4"]
[Site "www.echecsemail.com"]
[Date "2026.01.14"]
[Round "1"]
[White "Nbelnico"]
[Black "Morphy6"]
[WhiteElo "1730"]
[BlackElo "2060"]
[Result "0-1"]
1.e4 c5
2.Ng1f3 d6
3.Bf1c4 Nb8c6
4.O-O Ng8f6
5.Nf3g5 e6
6.d3 h6
7.Ng5f3 Bf8e7
8.Nb1c3 O-O
9.a3 a6
10.Bc1f4 b5
11.Bc4b3 Bc8b7
12.Bb3a2 Kh8
13.Ba2b1 b4
14.axb4 cxb4
15.Nc3e2 a5
16.b3 e5
17.Bf4g3 Nf6h5
18.d4 Nh5xg3
19.Ne2xg3 exd4
20.Nf3xd4 Nc6xd4
21.Ra1a2 Nd4b5
22.Qd1g4 Nb5c3
23.Ra2a1 Be7f6
24.Bb1a2 Nc3xa2
25.Ra1xa2 d5
26.Ng3f5 dxe4
27.Rf1d1 Qd8c8
28.Rd1d6 Qc8c3
29.Rd6xf6 Qc3e1
0-1

[Event "Eq:Pirates du Mat-modesty :"]
[Site "www.echecsemail.com"]
[Date "2026.01.14"]
[Round "1"]
[White "Sp52"]
[Black "Thierry7ardeche"]
[WhiteElo "2460"]
[BlackElo "2120"]
[Result "1-0"]
1.e4 d6
2.d4 Ng8f6
3.Bf1d3 c6
4.f4 Bc8g4
5.Ng1f3 Nb8d7
6.O-O Qd8b6
7.c3 e5
8.Nb1d2 exf4
9.Nd2c4 Qb6c7
10.Bc1xf4 b5
11.Nc4e3 h5
12.Qd1d2 Bg4e6
13.h3 Bf8e7
14.e5 dxe5
15.Nf3xe5 Be7d6
16.Ne3f5 Be6xf5
17.Bd3xf5 O-O
18.Ne5xd7 Nf6xd7
19.Bf4h6 f6
20.Bh6e3 c5
21.Bf5e6 Kh8
22.Qd2d3 Ra8e8
23.Qd3f5 Re8xe6
24.Qf5xe6 cxd4
25.Be3xd4 Bd6e5
26.Ra1d1 Kh7
27.Rf1f5 g6
28.Qe6e7 Kg8
29.Bd4xe5 Qc7c5
30.Qe7xc5 Nd7xc5
31.Rf5xf6 Rf8xf6
32.Be5xf6 a6
33.b3 Kf7
34.Bf6d4 Nc5e4
35.c4 bxc4
36.bxc4 Ne4g3
37.c5 Ke6
38.Bd4f2 Ng3f5
39.c6 Nf5d6
40.c7 Nd6c8
41.Rd1d8 Nc8e7
42.Bf2c5 g5
43.Bc5xe7 Kxe7
44.c8Q { abandon }1-0

[Event "Défi"]
[Site "www.echecsemail.com"]
[Date "2026.01.14"]
[Round "1"]
[White "Arno"]
[Black "Rocketman"]
[WhiteElo "1810"]
[BlackElo "2000"]
[Result "0-1"]
1.d4 f5
2.Bc1f4 d6
3.Ng1f3 Ng8f6
4.e3 g6
5.Bf1d3 Bf8g7
6.Nb1d2 c6
7.O-O O-O
8.e4 fxe4
9.Nd2xe4 Nf6xe4
10.Bd3xe4 Rf8xf4
11.Rf1e1 Bc8g4
12.g3 Rf4f8
13.Qd1d3 Qd8b6
14.d5 Nb8d7
15.dxc6 bxc6
16.Nf3d2 d5
17.Be4xd5 Kh8
18.Bd5g2 Nd7e5
19.Qd3e3 Qb6c7
20.c3 Rf8f7
21.f3 Bg4e6
22.f4 Ne5g4
23.Qe3xe6 Qc7b6
24.Re1e3 Ng4xe3
25.Kh1 Ra8f8
{ abandon }0-1

[Event "Tournoi n27361"]
[Site "www.echecsemail.com"]
[Date "2026.01.14"]
[Round "1"]
[White "Tiounet"]
[Black "Aramis"]
[WhiteElo "1680"]
[BlackElo "1560"]
[Result "1-0"]
1.a3 d5
2.b4 g6
3.Bc1b2 f6
4.g3 Bf8g7
5.Bf1g2 e5
6.e3 Ng8e7
7.Ng1e2 O-O
8.O-O a6
9.d3 Nb8c6
10.Nb1d2 Bc8e6
11.c4 dxc4
12.Nd2xc4 Ra8b8
13.Ne2c3 Be6xc4
14.dxc4 Qd8e8
15.Qd1e2 Nc6d8
16.Nc3e4 h6
17.Rf1d1 b6
18.Ne4c3 c6
19.Nc3e4 Nd8b7
20.c5 b5
21.Ne4d6 Nb7xd6
22.Rd1xd6 Rb8c8
23.Ra1d1 g5
24.Rd6e6 Qe8f7
25.Re6d6 Kh8
26.Rd6d7 Rf8e8
27.Rd7d6 Qf7g6
28.Qe2g4 Ne7f5
29.Rd6d7 Bg7f8
30.Rd7a7 Rc8a8
31.Ra7d7 Ra8c8
32.Bg2e4 h5
33.Qg4xf5 Qg6xf5
34.Be4xf5 Bf8g7
35.Rd7f7 Rc8d8
36.Rd1xd8 Re8xd8
37.Rf7d7 Rd8a8
38.Rd7d6 a5
39.Rd6xc6 axb4
40.axb4 Bg7f8
41.Rc6xf6 Bf8g7
42.Rf6f7 Kg8
43.Bf5e6 Ra8e8
44.Rf7e7 Kf8
45.Re7xe8 Kxe8
46.e4 Ke7
47.Be6d5 Kd7
48.Kg2 g4
49.c6 Kc7
50.h3 gxh3
51.Kxh3 Bg7f6
52.f4 Bf6e7
53.Bb2c3 exf4
54.gxf4 Kd8
55.f5 Kc7
56.Bd5f7 Kxc6
57.Bf7xh5 Kd6
58.f6 Be7f8
59.Bc3d4 Kd7
60.Bd4c5 Bf8xc5
61.bxc5 b4
62.Bh5d1 Ke6
63.Bd1b3 Kxf6
64.Bb3d5 Ke7
65.Kg3 Kd7
66.Kf3 b3
67.Bd5xb3 Kc6
68.Kf4 Kxc5
69.Kf5 Kd6
70.Kf6 Kd7
71.e5 Ke8
72.Bb3f7 Kf8
73.Bf7h5 Kg8
74.e6 Kf8
75.e7 { abandon }1-0

[Event "Eq:Les Rois du Succes-Mission Impossible :"]
[Site "www.echecsemail.com"]
[Date "2026.01.14"]
[Round "1"]
[White "Rvsinovitch"]
[Black "Oscar"]
[WhiteElo "2040"]
[BlackElo "1950"]
[Result "1/2-1/2"]
1.e4 e5
2.Ng1f3 Nb8c6
3.Bf1b5 d6
4.c3 Bc8d7
5.d4 exd4
6.cxd4 Ng8f6
7.Nb1c3 Bf8e7
8.O-O O-O
9.d5 Nc6e5
10.Bb5xd7 Qd8xd7
11.Nf3xe5 dxe5
12.a4 h6
13.Qd1f3 Rf8e8
14.b3 c6
15.dxc6 Qd7xc6
16.Bc1b2 Qc6b6
17.Nc3d5 Nf6xd5
18.exd5 Be7d6
19.Ra1c1 e4
20.Qf3g4 Bd6e5
21.Bb2xe5 Re8xe5
22.Rc1c8 Ra8xc8
23.Qg4xc8 Kh7
24.Qc8c4 e3
25.Qc4d3 Kg8
26.d6 exf2
27.Kh1 Re5e1
28.d7 Qb6d8
29.g3 Re1xf1
30.Qd3xf1 Qd8xd7
31.Qf1xf2 Qd7d1
32.Kg2 Qd1d5
33.Kg1 b6
34.Qf2e3 Qd5d1
35.Kg2 Qd1c2
36.Kh3 Qc2f5
{ nul }1/2-1/2

[Event "Tournoi n27182"]
[Site "www.echecsemail.com"]
[Date "2026.01.14"]
[Round "1"]
[White "Picasso"]
[Black "Lbd26"]
[WhiteElo "2100"]
[BlackElo "1920"]
[Result "1-0"]
1.e4 d6
2.d4 g6
3.Bc1f4 Ng8f6
4.Nb1c3 Bf8g7
5.Qd1d2 O-O
6.O-O-O Nf6d7
7.Bf4h6 e5
8.Bh6xg7 Kxg7
9.Ng1e2 Rf8e8
10.g4 Nd7b6
11.f3 c6
12.Ne2g3 Qd8f6
13.Bf1e2 Nb8d7
14.h4 exd4
15.Qd2xd4 Nd7e5
16.Qd4xd6 Qf6f4
17.Qd6d2 Qf4xd2
18.Rd1xd2 Bc8e6
19.h5 Re8h8
20.hxg6 hxg6
21.Rd2d1 Rh8xh1
22.Rd1xh1 a5
23.a4 Ra8d8
24.Rh1d1 Rd8f8
25.g5 f6
26.gxf6 Kxf6
27.f4 Ne5f7
28.e5 Ke7
29.Ng3e4 Nb6d5
30.Nc3xd5 Be6xd5
31.Ne4f6 Bd5e6
32.Be2d3 Nf7h8
33.Rd1g1 Kf7
34.Kd2 Rf8d8
35.Rg1h1 b5
36.Rh1h7 Kf8
37.Rh7xh8 Ke7
38.Rh8xd8 Kxd8
39.axb5 c5
40.Bd3xg6 a4
41.Nf6e4 Be6d7
42.c4 Bd7e6
43.Kc3 Kc7
44.f5 { abandon }1-0

[Event "Défi"]
[Site "www.echecsemail.com"]
[Date "2026.01.14"]
[Round "1"]
[White "Burgman"]
[Black "Arno"]
[WhiteElo "2040"]
[BlackElo "1770"]
[Result "0-1"]
1.d4 Ng8f6
2.c4 e6
3.Ng1f3 Bf8b4
4.Bc1d2 Qd8e7
5.a3 Bb4xd2
6.Nb1xd2 b6
7.e4 Bc8b7
8.Bf1d3 d6
9.O-O Nb8d7
10.Qd1c2 c5
11.d5 O-O
12.Rf1e1 Nf6g4
13.h3 Ng4e5
14.Bd3f1 f5
15.exf5 Ne5xf3
16.Nd2xf3 e5
17.Bf1d3 Nd7f6
18.Nf3d2 Qe7f7
19.Nd2e4 Nf6xe4
20.Bd3xe4 Bb7c8
21.g4 h5
22.f3 Bc8d7
23.Kg2 hxg4
24.hxg4 Ra8b8
25.Re1h1 Qf7f6
26.Kg1 Qf6g5
27.Ra1e1 Rf8f6
28.Rh1h5 Qg5f4
29.Qc2h2 Qf4xh2
30.Kxh2 a6
31.Kg3 b5
32.Re1h1 Rf6f8
33.Kh4 bxc4
34.Kg5 Rb8xb2
35.Rh5h8 Kf7
36.Rh8xf8 Kxf8
37.Rh1h8 Kf7
38.Rh8a8 c3
39.Ra8xa6 c2
40.Be4xc2 Rb2xc2
41.Ra6xd6 Ke7
42.Rd6g6 Kf7
43.Rg6d6 Ke7
44.Rd6g6 Rc2c3
45.Rg6xg7 Kd6
46.f6 Rc3xf3
47.f7 c4
48.Kg6 c3
49.Rg7g8 c2
50.f8Q Rf3xf8
51.Rg8xf8 c1Q
{ abandon }0-1

[Event "Défi"]
[Site "www.echecsemail.com"]
[Date "2026.01.14"]
[Round "1"]
[White "Gilberthellemans"]
[Black "Bouffon"]
[WhiteElo "1590"]
[BlackElo "1680"]
[Result "0-1"]
1.e4 e5
2.Bf1c4 Ng8f6
3.Nb1c3 c6
4.Ng1f3 d6
5.h3 Bf8e7
6.d3 Nb8d7
7.Bc1e3 Nd7f8
8.Nf3g5 d5
9.exd5 cxd5
10.Bc4b5 Nf8d7
11.Qd1f3 a6
12.Bb5a4 b5
13.Ba4b3 Bc8b7
14.Nc3xd5 O-O
15.Nd5xe7 Qd8xe7
16.a3 Bb7xf3
{ abandon }0-1

[Event "Tournoi n27252"]
[Site "www.echecsemail.com"]
[Date "2026.01.14"]
[Round "1"]
[White "Lancien57"]
[Black "Jlr"]
[WhiteElo "1470"]
[BlackElo "1340"]
[Result "1-0"]
1.e4 e5
2.Ng1f3 d6
3.Nb1c3 h5
4.Bf1e2 Ng8f6
5.d4 Bc8g4
6.h3 Bg4e6
7.Bc1g5 Bf8e7
8.d5 Be6d7
9.Bg5xf6 Be7xf6
10.a3 g5
11.Nf3h2 g4
12.hxg4 hxg4
13.Be2xg4 Bd7xg4
14.Qd1xg4 Ke7
15.O-O b6
16.Ra1b1 Rh8h4
17.Qg4f3 Nb8a6
18.Nc3e2 Na6c5
19.Ne2g3 Qd8h8
20.Ng3f5 Kd7
21.Nf5xh4 Ke7
22.Nh4f5 Kd7
23.Nh2g4 Bf6g5
24.b4 Nc5b7
25.c4 Qh8h7
26.Qf3h3 Qh7xh3
27.gxh3 Ra8h8
28.Kg2 f6
29.a4 a5
30.f3 Bg5d2
31.bxa5 Nb7c5
32.Rb1d1 Bd2g5
33.axb6 cxb6
34.Rd1b1 Nc5xa4
35.Rb1b4 Rh8a8
36.Rf1h1 Na4c3
37.Rb4xb6 Ra8a2
38.Ng4f2 Bg5f4
39.Rb6b7 Kc8
40.Nf5xd6 Kd8
41.Rb7f7 Ra2e2
42.Rf7xf6 Ke7
43.Rf6e6 Kd7
44.c5 Bf4e3
45.Rh1f1 Be3xc5
46.Nd6c4 Bc5xf2
47.Nc4xe5 Kd8
48.Rf1xf2 Re2e1
49.Ne5f7 Kd7
50.Nf7g5 Nc3d1
51.Rf2d2 Nd1c3
52.Kf2 Re1h1
53.Kg2 Rh1c1
54.d6 Nc3b5
55.e5 Nb5a3
56.Re6e7 Kd8
57.Ng5f7 Kc8
58.d7 Kb8
59.d8Q Rc1c8
60.Rd2b2 Na3b5
61.Rb2xb5 { abandon }1-0

[Event "Tournoi n27387"]
[Site "www.echecsemail.com"]
[Date "2026.01.14"]
[Round "1"]
[White "Wenoketo"]
[Black "Hermite"]
[WhiteElo "1640"]
[BlackElo "1530"]
[Result "1-0"]
1.d4 d5
2.Ng1f3 Nb8c6
3.Bc1f4 e6
4.e3 f6
5.Bf4g3 g5
6.h3 h5
7.Nb1c3 h4
8.Bg3h2 Bc8d7
9.Bf1e2 Bf8d6
10.Bh2xd6 cxd6
11.Nf3h2 Qd8e7
12.Be2h5 Kd8
13.Bh5e2 Kc7
14.O-O Ra8d8
15.Be2b5 Nc6a5
16.Bb5xd7 Qe7xd7
17.Qd1e2 Na5c4
18.b3 Nc4a5
19.a4 Na5c6
20.Rf1b1 Kb8
21.b4 Ng8e7
22.a5 a6
23.b5 Rd8f8
24.bxc6 Qd7xc6
25.Rb1b6 Qc6c4
26.Qe2xc4 dxc4
27.Ra1b1 Kc8
28.Rb6xb7 Kd8
29.Rb1b6 Ne7c8
30.Rb6xa6 Rf8e8
31.Ra6a8 f5
32.Rb7b8 Ke7
33.Ra8a7 Kf8
34.Ra7c7 g4
35.Rc7xc8 Re8xc8
36.Rb8xc8 Kg7
37.Rc8xh8 Kxh8
38.a6 Kh7
39.a7 { abandon }1-0

[Event "YQUELON"]
[Site "www.echecsemail.com"]
[Date "2026.01.14"]
[Round "1"]
[White "4x4"]
[Black "Legrillon"]
[WhiteElo "1470"]
[BlackElo "1720"]
[Result "0-1"]
1.e4 e5
2.Ng1f3 Ng8f6
3.d4 d6
4.d5 c6
5.Bf1d3 cxd5
6.Nb1c3 d4
7.Nc3d5 h6
8.c4 Nf6xd5
9.cxd5 Bf8e7
10.Bc1d2 O-O
11.Qd1c2 Bc8g4
12.O-O-O Qd8d7
13.Kb1 Rf8c8
14.Qc2b3 a6
15.h3 Bg4xf3
16.gxf3 b5
17.Rh1g1 Kh7
18.Rd1c1 Rc8xc1
19.Rg1xc1 Qd7xh3
20.a3 Qh3xf3
21.Rc1c2 Qf3d1
22.Bd2c1 Nb8d7
23.Bd3e2 Qd1g1
24.Qb3f3 Be7f6
25.Qf3f5 Kg8
26.Qf5xd7 Qg1xf2
27.Qd7xd6 Qf2g2
28.Qd6c6 Ra8d8
29.Qc6xa6 Qg2xe4
30.Qa6xb5 Rd8xd5
31.Qb5b8 Rd5d8
32.Qb8b3 d3
33.Rc2c4 Qe4xe2
34.Rc4c7 Rd8f8
35.Rc7d7 e4
36.Ka2 Qe2g4
37.a4 Qg4xd7
38.Qb3c4 Rf8c8
39.Qc4b5 Qd7xb5
40.axb5 Rc8xc1
41.b3 d2
42.b6 d1Q
43.Ka3 Qd1d6
44.b4 Qd6xb6
45.Ka4 Qb6a6
46.Kb3 Rc1c3
47.Kb2 Qa6e2
48.Ka1 Rc3c1
0-1

[Event "Tournoi n27301"]
[Site "www.echecsemail.com"]
[Date "2026.01.14"]
[Round "1"]
[White "Ravanh"]
[Black "Kiki"]
[WhiteElo "2250"]
[BlackElo "2390"]
[Result "0-1"]
1.d4 d5
2.Nb1c3 Ng8f6
3.Bc1f4 e6
4.e3 Bf8b4
5.Bf1d3 c5
6.Bd3b5 Bc8d7
7.Bb5xd7 Nb8xd7
8.Ng1e2 Qd8a5
9.O-O Nd7b6
10.a3 Bb4xc3
11.Ne2xc3 Nb6c4
12.Qd1e1 cxd4
13.exd4 Nc4xb2
14.Nc3xd5 Qa5xd5
15.Qe1b4 Nb2c4
16.Ra1b1 a5
17.Qb4c3 O-O
18.a4 Ra8d8
19.Rf1d1 Qd5c6
20.Qc3b3 Rd8d7
21.Rd1d3 Nf6d5
22.Bf4g3 Rf8c8
23.f3 Nc4b6
24.Bg3e1 Nb6xa4
25.Rb1a1 b5
26.Be1xa5 Rd7a7
27.Ba5e1 Na4c5
{ abandon }0-1

[Event "Tournoi n27384"]
[Site "www.echecsemail.com"]
[Date "2026.01.14"]
[Round "1"]
[White "Patau"]
[Black "Mokanne"]
[WhiteElo "1700"]
[BlackElo "1430"]
[Result "1-0"]
1.e4 a6
2.d4 d6
3.f4 g6
4.Ng1f3 b5
5.c4 Bc8d7
6.Bf1d3 Bf8g7
7.cxb5 Bd7xb5
8.O-O Bb5xd3
9.Qd1xd3 c6
10.Nb1c3 e6
11.Bc1e3 Nb8d7
12.Ra1c1 f6
13.d5 exd5
14.exd5 c5
15.Qd3e4 Ng8e7
16.Qe4e6 Qd8c8
17.Nc3e4 Ra8a7
18.Ne4xd6 { abandon }1-0

[Event "pour le plaisir  NOVEMBRE 2025"]
[Site "www.echecsemail.com"]
[Date "2026.01.14"]
[Round "1"]
[White "Janolapin"]
[Black "Petitlulu64"]
[WhiteElo "1680"]
[BlackElo "1720"]
[Result "1-0"]
1.e4 e5
2.Ng1f3 Nb8c6
3.Bf1b5 Bf8d6
4.Bb5xc6 dxc6
5.O-O Ng8f6
6.d3 O-O
7.Bc1g5 h6
8.Bg5xf6 Qd8xf6
9.Nb1d2 Bc8g4
10.h3 Bg4h5
11.c3 b5
12.Qd1c2 c5
13.Nf3h2 a5
14.a3 b4
15.a4 Qf6g6
16.Nd2f3 f5
17.exf5 Qg6xf5
18.g4 Qf5g5
19.Nf3xg5 Bh5g6
20.Ng5f3 c4
21.Nf3e1 b3
22.Qc2e2 cxd3
23.Ne1xd3 e4
24.Nd3e1 Ra8e8
25.Ne1g2 Kh8
26.Ra1d1 Bd6e5
27.Qe2e3 c6
28.Qe3b6 e3
29.Ng2xe3 Be5f4
30.Ne3g2 Bg6c2
31.Ng2xf4 Bc2xd1
32.Nf4g6 Kg8
33.Ng6xf8 Bd1c2
34.Nf8d7 Re8e6
35.Qb6xa5 Bc2d3
36.Rf1d1 Bd3c2
37.Rd1d2 Re6e1
38.Kg2 Bc2e4
39.f3 Be4d5
40.Rd2xd5 { abandon }1-0

[Event "CC Jan26 Asc(1/2)"]
[Site "www.echecsemail.com"]
[Date "2026.01.14"]
[Round "1"]
[White "Woluwe1975"]
[Black "Luc20"]
[WhiteElo "1640"]
[BlackElo "1810"]
[Result "1/2-1/2"]
1.e4 e6
2.d4 d5
3.Nb1d2 c5
4.c3 Nb8c6
5.Ng1f3 b5
6.Bf1xb5 Bc8d7
7.Bb5e2 Bf8e7
8.e5 a6
9.h3 Ng8h6
10.Be2d3 cxd4
11.cxd4 Qd8b6
12.Nd2b3 a5
13.a4 Nc6b4
14.Bd3b1 Nh6f5
15.O-O Ra8c8
16.Bc1e3 Rc8c7
17.Be3f4 Bd7c8
18.Qd1d2 Bc8a6
19.Rf1c1 O-O
20.g4 Nf5h4
21.Nf3xh4 Be7xh4
22.f3 Rc7xc1
23.Qd2xc1 Rf8c8
24.Qc1e3 Nb4c2
25.Bb1xc2 Rc8xc2
26.Nb3d2 Qb6xb2
27.Ra1d1 Rc2c3
28.Rd1b1 Rc3c1
29.Rb1xc1 Qb2xc1
30.Kh2 Qc1e1
31.Qe3xe1 Bh4xe1
32.Nd2b3 Ba6c4
33.Bf4d2 Bc4xb3
34.Bd2xe1 Bb3xa4
35.Be1xa5 Ba4b5
36.f4 Bb5d3
37.Kg3 h6
38.h4 g6
39.g5 Kg7
40.Ba5d8 Bd3f5
41.Bd8f6 Kh7
42.Kf3 Bf5e4
43.Ke3 hxg5
44.hxg5 Kg8
45.Kd2 Kf8
46.Kc3 Ke8
47.Kb4 Kd7
48.Kb5 Be4d3
49.Kc5 Bd3f5
50.Kb6 Bf5d3
51.Kb7 Bd3f5
52.Kb6 Bf5d3
53.Kb7 Bd3e4
54.Kb6 { nul }1/2-1/2

[Event "Coupe Niveau 5"]
[Site "www.echecsemail.com"]
[Date "2026.01.14"]
[Round "1"]
[White "Zax"]
[Black "Echephile"]
[WhiteElo "2280"]
[BlackElo "2110"]
[Result "1/2-1/2"]
1.e4 c5
2.d4 cxd4
3.c3 d5
4.exd5 Qd8xd5
5.cxd4 Nb8c6
6.Ng1f3 e5
7.Nb1c3 Bf8b4
8.Bc1d2 Bb4xc3
9.Bd2xc3 e4
10.Nf3e5 Nc6xe5
11.dxe5 Ng8e7
12.Qd1a4 Bc8d7
13.Qa4a3 Ne7c6
14.Ra1d1 Qd5e6
15.Bf1b5 Qe6e7
16.Qa3d6 Qe7xd6
17.exd6 O-O
18.O-O Rf8e8
19.Rf1e1 Ra8d8
20.h3 f5
21.Bb5a4 Bd7e6
22.a3 Kf7
23.b4 Be6d7
24.Ba4b3 Bd7e6
25.Bb3a4 Be6d7
26.Ba4b3 Bd7e6
27.Bb3a4 Be6d7
28.Ba4b3 1/2-1/2

[Event "Memorial Lara CIII"]
[Site "www.echecsemail.com"]
[Date "2026.01.14"]
[Round "1"]
[White "Bertelsen"]
[Black "Rvsinovitch"]
[WhiteElo "1730"]
[BlackElo "2030"]
[Result "0-1"]
1.d4 Ng8f6
2.Nb1c3 d5
3.Ng1f3 g6
4.h3 Bf8g7
5.e3 O-O
6.Bf1e2 c5
7.dxc5 Qd8a5
8.O-O Qa5xc5
9.Bc1d2 Nb8c6
10.a3 a6
11.Rf1e1 Rf8e8
12.Nc3a4 Qc5d6
13.Ra1b1 Bc8d7
14.b4 Nc6e5
15.Na4b2 Ne5xf3
16.Be2xf3 Bd7c6
17.c4 Ra8d8
18.Bd2c3 e5
19.c5 Qd6c7
20.Qd1b3 e4
21.Bf3e2 Qc7d7
22.Bc3d4 Qd7e7
23.a4 Qe7f8
24.b5 axb5
25.axb5 Bc6d7
26.b6 Bd7c6
27.Rb1a1 Nf6d7
28.Re1c1 Bg7xd4
29.exd4 Qf8g7
30.Qb3e3 Rd8a8
31.Kh2 Ra8xa1
32.Rc1xa1 Nd7xc5
33.Nb2a4 Nc5xa4
{ abandon }0-1

[Event "Défi"]
[Site "www.echecsemail.com"]
[Date "2026.01.14"]
[Round "1"]
[White "Kerenor"]
[Black "Turbo"]
[WhiteElo "1600"]
[BlackElo "1280"]
[Result "0-1"]
1.e4 e5
2.Ng1f3 Nb8c6
3.a3 a6
4.Bf1c4 h6
5.Nb1c3 b5
6.Bc4a2 Ng8f6
7.d3 d6
8.h3 Bc8b7
9.Bc1e3 Bf8e7
10.Nf3h4 Nf6d7
11.Nh4f5 O-O
12.Qd1g4 g5
13.Nf5xh6 Kh7
14.Nh6f5 Rf8h8
15.Qg4h5 Kg8
16.Nf5h6 Rh8xh6
17.Qh5xf7 Kh8
18.O-O-O Be7f6
19.h4 Rh6h7
20.Qf7g6 Nd7f8
21.Qg6f5 Bb7c8
22.hxg5 Bc8xf5
23.exf5 Bf6xg5
24.Nc3d5 Rh7xh1
25.Rd1xh1 Kg7
26.f4 exf4
27.Be3d4 Kf7
28.Nd5xf4 Ke8
29.g3 Nc6xd4
30.Rh1e1 Kd7
31.c3 Bg5xf4
32.gxf4 Nd4xf5
33.Ba2d5 Ra8b8
34.Bd5e4 Nf5g3
35.Be4f3 Qd8h4
36.Bf3d5 Ng3f5
37.Re1h1 Qh4g3
38.Kc2 Nf5e3
39.Kb3 Ne3xd5
40.d4 a5
{ abandon }0-1

[Event "Défi"]
[Site "www.echecsemail.com"]
[Date "2026.01.14"]
[Round "1"]
[White "Voyageur"]
[Black "Mokanne"]
[WhiteElo "1650"]
[BlackElo "1430"]
[Result "0-1"]
1.d4 d5
2.c4 e6
3.e3 b6
4.Ng1f3 Bf8e7
5.Nb1c3 Be7f6
6.a3 Bc8b7
7.cxd5 exd5
8.Bf1b5 c6
9.Bb5a4 Bb7a6
10.b4 Qd8d7
11.Qd1b3 Ba6c4
12.Qb3c2 b5
13.Ba4b3 Bc4xb3
14.Qc2xb3 Nb8a6
15.O-O Ng8e7
16.h3 O-O
17.Bc1b2 Na6c7
18.a4 a6
19.a5 Ne7g6
20.Ra1c1 Ng6h4
21.Nf3xh4 Bf6xh4
22.Nc3e2 Ra8c8
23.Ne2f4 Nc7e6
24.Nf4xe6 fxe6
25.Bb2c3 Rf8f7
26.Rc1c2 Rc8f8
27.Bc3d2 Rf7xf2
28.Rf1xf2 Rf8xf2
29.Kh1 Rf2f1
30.Kh2 Qd7d6
{ abandon }0-1

[Event "Tournoi n27237"]
[Site "www.echecsemail.com"]
[Date "2026.01.14"]
[Round "1"]
[White "Orosco"]
[Black "Zanatany"]
[WhiteElo "2290"]
[BlackElo "2240"]
[Result "1/2-1/2"]
1.e4 c6
2.d4 d5
3.Nb1c3 dxe4
4.Nc3xe4 Ng8f6
5.Ne4xf6 exf6
6.Ng1f3 Bf8d6
7.Bf1e2 Bc8g4
8.h3 Bg4f5
9.O-O O-O
10.Be2d3 Bf5xd3
11.Qd1xd3 Rf8e8
12.Bc1d2 Nb8a6
13.Qd3b3 Qd8d7
14.Rf1e1 b6
15.c4 Re8xe1
16.Ra1xe1 Na6c7
17.Qb3d3 Nc7e6
18.Qd3f5 Ra8e8
19.d5 cxd5
20.cxd5 Ne6c5
21.Qf5xd7 Re8xe1
22.Bd2xe1 Nc5xd7
23.Nf3d4 a6
24.b3 g6
25.Nd4c6 Kf8
26.Be1c3 b5
27.Bc3d4 Ke8
28.a4 bxa4
29.bxa4 Bd6c5
30.Bd4a1 Nd7b6
31.Ba1xf6 Nb6xa4
32.Nc6b8 a5
33.Nb8c6 Na4b6
34.Nc6xa5 Nb6xd5
35.Bf6a1 { nul }1/2-1/2